000 00683nam a2200229Ia 4500
003 OSt
005 20220926010218.0
006 a|||||r|||| 00| 0
007 ta
008 220923b |||||||| |||| 00| 0 eng d
037 _cGeneral Book
040 _aRTL
_cRTL
_beng
041 _2eng
_aeng
082 _aX9(Kz):75.2, L8/SC
100 _aMISHRA S N
_925344
245 0 _aLivestock planning in India.
260 _a New Delhi
_bVikas Publishing House
_c1978
300 _axii,278p.
_ccm.
500 _aAppendix: P 194-209; Institute of Economic Growth Delhi, No. 21
942 _hX9(Kz):75.2, L8/SC
_cGB
_2CC
999 _c616710
_d616710